Leading organizations : perspectives for a new era /

Bibliographic Details
Other Authors: Hickman, Gill Robinson
Format: Book
Language:English
Published: Thousand Oaks, Calif. : Sage Publications, [1998]
Subjects:

MARC

Tag First Indicator Second Indicator Subfields
LEADER 00000cam a2200000 a 4500
001 in00001516821
005 20151021105046.0
008 980527s1998 caua b 001 0 eng
010 |a  98025335  
020 |a 0761914226 (cloth : acid-free paper) 
020 |a 0761914234 (pbk. : acid-free paper) 
035 |a (OCoLC)39210140 
035 |9 AJL4249AM 
040 |a DLC  |c DLC  |d CKK  |d TXA  |d UtOrBLW 
049 |a TXAM 
050 0 0 |a HD58.7  |b .L4 1998 
082 0 0 |a 658.4/06  |2 21 
245 0 0 |a Leading organizations :  |b perspectives for a new era /  |c Gill Robinson Hickman, editor. 
264 1 |a Thousand Oaks, Calif. :  |b Sage Publications,  |c [1998] 
264 4 |c ©1998 
300 |a xv, 613 pages :  |b illustrations ;  |c 26 cm. 
336 |a text  |b txt  |2 rdacontent 
337 |a unmediated  |b n  |2 rdamedia 
338 |a volume  |b nc  |2 rdacarrier 
504 |a Includes bibliographical references and index. 
505 0 |a The changing environment of 21st century organizations -- The inherent leadership context -- Leadership concepts and theories in organizations -- Leader-participant relationships in organizations -- The impetus for organizational leadership : vision, mission, and goals -- The implementation of organizational leadership : structure and organizational design -- Leadership authenticity : organization culture -- Leadership and change : building capacity in organizations -- Social responsibility and organizational leadership : the new work of 21st century organizations --Leading the new organization. 
650 0 |a Organizational behavior. 
650 0 |a Organizational effectiveness. 
650 0 |a Leadership. 
700 1 |a Hickman, Gill Robinson. 
948 |a C:BLW  |d 20041115 
999 |a MARS 
999 f f |s 4ed05f16-8386-3db6-9ae1-0a93539365ba  |i 81f98cb4-7a10-3e1b-bdcf-7377495bc69f  |t 0 
952 f f |p ric  |a Texas A&M University  |b Rellis Campus  |c Joint Library Facility  |d Remote Storage  |t 0  |e HD58.7 .L4 1998  |h Library of Congress classification  |i unmediated -- volume  |m A14825335786 
998 f f |a HD58.7 .L4 1998  |t 0  |l Remote Storage